000 00743nam a2200253Ia 4500
003 OSt
005 20220928105042.0
006 a|||||r|||| 00| 0
007 ta
008 220927b |||||||| |||| 00| 0 hin d
020 _cINR 650.00
024 _a142934
037 _b692, 11/03/2020, Nayee Kitab Prakashan
_cTextual
040 _aSDCL
_cSDCL
_bhin
041 _2hin
_ahin
082 _aO152:g, R0
100 _aTiwari Ajay Ed.
_9413501
245 0 _aSanchayan
_b Nityanand tiwari
260 _aNew Delhi
_bNayee Kitab Prakashan
_c2020
300 _a326p.
_ccm.
650 _aHindi
_9391598
942 _hO152:g, R0
_cTEXL
_2CC
999 _c729289
_d729289